[Event "Lancaran op-B"]
[Site "Lancaran"]
[Date "2025.07.09"]
[Round "4"]
[White "Orujov, Hazrat Azar Oglu"]
[Black "Mahmud, Natig"]
[Result "1-0"]
[WhiteElo "1866"]
[BlackElo "1665"]
[PlyCount "71"]
[EventDate "2025.07.07"]
[EventType "swiss"]
[EventRounds "9"]
[EventCountry "AZE"]
[SourceTitle "CB29_2025"]
[SourceDate "2025.07.16"]
[SourceVersion "1"]
[SourceVersionDate "2025.07.16"]
[SourceQuality "1"]

1. e4 e5 2. Nc3 Nc6 3. Bc4 Nf6 4. d3 Bb4 5. Nge2 d6 6. 0-0 Bg4 7. f3 Bd7 8. Bg5 Bc5+ 9. Kh1 h6 10. Bxf6 Qxf6 11. Nd5 Qd8 12. f4 Be6 13. Ng3 Na5 14. Nh5 Rg8 15. b4 Nxc4 16. dxc4 Bd4 17. c3 Bxd5 18. cxd5 Bxc3 19. Rc1 Bd4 20. Qg4 exf4 21. Rxf4 Qe7 22. Rf3 f6 23. Qg6+ Kd7 24. Nf4 Bb6 25. Qf5+ Ke8 26. Ne6 Qf7 27. Rfc3 g6 28. Qh3 Qd7 29. Qf3 Rc8 30. Qxf6 Qe7 31. Qf4 Qf7 32. Qxh6 Qf2 33. Rf3 Qb2 34. Rcf1 Qh8 35. Rf8+ Rxf8 36. Rxf8+ 1-0